La Gran Depresión del siglo XXI la función del trabajo improductivo y del capital ficticio, Cap. I

সংরক্ষণ করুন:
গ্রন্থ-পঞ্জীর বিবরন
প্রধান লেখক: Dierckxsens, Wim
বিন্যাস: গ্রন্থ
ভাষা:Spanish
ট্যাগগুলো: ট্যাগ যুক্ত করুন
কোনো ট্যাগ নেই, প্রথমজন হিসাবে ট্যাগ করুন!

MARC

LEADER 00000nam a22000007a 4500
003 cru CIDCACS/IIS
005 20200925161116.0
006 a|||||r|||| 00| 0
007 ta
008 160926b2010 cr ||||| |||| 00| 0 spa d
040 |a CRAI/IIS  |c CRAI/IIS 
100 1 |9 41  |a Dierckxsens, Wim 
245 |a La Gran Depresión del siglo XXI  |b la función del trabajo improductivo y del capital ficticio, Cap. I 
300 |a páginas 21-30 
773 0 |0 18567  |9 26  |a Dierckxsens, Wim  |d San José, Costa Rica Departamento Ecuménico de Investigación 2010  |o 17012  |t Siglo XXI  |z 9789969989213 
942 |2 ddc  |c LI 
999 |c 18568  |d 18568